000 01517nam a2200193 i 4500
001 768714001
003 CO-MdFUSB
005 20220726163334.0
008 220726t1984 ck |||| |||| 00| 0 spa d
040 _bspa
_cCO-MdFUSB
_dCO-MdFUSB
041 _apor
100 _aMaugham, William Somerset,
_eautor
245 3 _aEl filo de la navaja
_b/ William Somerset Maugham
300 _aVolumen 13, (1984) páginas 453 -688 ;
_c22 cm
520 _aUn hombre, Larry Darrel, mira atrás y no se ve a sí mismo. No está muerto, ha sobrevivido a la Gran Guerra y ya nada puede ser como antes. Necesita renacer y encontrarle sentido a su vida. Larry romperá su compromiso de boda y renunciará a su radiante porvenir en el mundo de las finanzas. París, la India y el Tibet serán algunos de los escenarios en los cuáles buscará otro modo de enriquecerse: en sabiduría y en conocimientos, sumergiéndose en nuevas culturas y espiritualidades. Sin Darrel, la vida continúa en Chicago, en donde Isabel ha renunciado a esperarle y el crak del 29 amenaza fortunas y sueños de oro. Novela imprescindible de uno de los autores más leídos del siglo XX. Un viaje al interior de la condición humana, un testimonio extraordinario que el propio Somerset Maugham nos cuenta en primera persona sobre la búsqueda de la paz espiritual y la felicida de vivir.
653 _aLiteratura inglesa
773 0 _067924
_981152
_aOveja Negra,
_o24702
_tMaestros de la literatura universal
_w(CO-MdFUSB)768714001
_z8482806718
942 _cBK
999 _c68014
_d68014